Practical geodesy (Record no. 113882)

MARC details
000 -LEADER
fixed length control field 00868cam a22001815a 4500
001 - CONTROL NUMBER
control field L155864
008 - FIXED-LENGTH DATA ELEMENTS--GENERAL INFORMATION
fixed length control field 120418s1842 xxk f 000 0 eng d
035 ## - SYSTEM CONTROL NUMBER
System control number (Sirsi) u155864
041 0# - LANGUAGE CODE
Language code of text/sound track or separate title eng
100 1# - MAIN ENTRY--PERSONAL NAME
Personal name Williams, J. Butler
Titles and words associated with a name Sir
245 00 - TITLE STATEMENT
Title Practical geodesy
Remainder of title comprising chain surveying and the use of surveying instruments; together with trigonometrical, colonial, mining, and maritime surveying; also levelling and hill drawing; and a description of the methods of determining latitudes and longitudes. Adapted to the use of surveyors, and of students in civil, military, and naval engineering
260 ## - PUBLICATION, DISTRIBUTION, ETC.
Place of publication, distribution, etc. London
Name of publisher, distributor, etc. J. W. Parker
Date of publication, distribution, etc. 1842
300 ## - PHYSICAL DESCRIPTION
Extent xvi, 273 p.
Other physical details fold. front., illus., fold. pl., diagrs.
Dimensions 22 cm.
583 ## - ACTION NOTE
Action Condition reviewed
Time/date of action 20120620
Status condition level 3
651 #4 - SUBJECT ADDED ENTRY--GEOGRAPHIC NAME
Geographic name Great Britain
Chronological subdivision 1707-
690 ## - LOCAL SUBJECT ADDED ENTRY--TOPICAL TERM (OCLC, RLIN)
Topical term or geographic name as entry element Measurement
9 (RLIN) 6256
942 ## - ADDED ENTRY ELEMENTS (KOHA)
Suppress in OPAC 0
Holdings
Withdrawn status Lost status Source of classification or shelving scheme Damaged status Not for loan Home library Current library Shelving location Date acquired Total Checkouts Full call number Barcode Date last seen Copy number Price effective from Koha item type
    Dewey Decimal Classification     Historic collection Historic collection Historic collection 18/04/2012   OCTAVO 1842 WILLIAMS 30076766 06/08/2019 1 06/08/2019 Book